00849nam a22002537a 450000500170000001000110001702000100002803500110003803700160004904000120006508200160007710000270009324500420012024600060016226000510016827000360021930000370025550000610029265000440035365000280039794200250042599900190045095201260046920170124110241.0 a166212 c00.00 a166212 bCen Lib/Ret aDPLbEN a745.52bBIR aBirrell, Verla 994777 aThe textile arts /cby Verla Birrell  b  aNew York bHarper & Brothers Publishers c1959 bNew York a49 East 33rd street  axvi, 514p. :c25cm(Hb)bill. e  aIncludes glossary, bibliographical references and index  aDesigns and symbols -- Textiles 994778 aFabrics textiles994779 2ddccENh745.52mBIR c135153d135153 001040718REFaLbLd2015-10-01eCen Lib/Retg0.00l0o745.52 BIRp166212r2015-10-01 00:00:00t1v0.00w2015-10-01yEN